<?xml version="1.0" encoding="UTF-8"?>
<record
    xmlns:xsi="http://www.w3.org/2001/XMLSchema-instance"
    xsi:schemaLocation="http://www.loc.gov/MARC21/slim http://www.loc.gov/standards/marcxml/schema/MARC21slim.xsd"
    xmlns="http://www.loc.gov/MARC21/slim">

  <leader>02166nam a22003257a 4500</leader>
  <controlfield tag="001">333</controlfield>
  <controlfield tag="003">OSt</controlfield>
  <controlfield tag="005">20250528074018.0</controlfield>
  <controlfield tag="008">250328b        |||||||e |||| 00| f eng d</controlfield>
  <datafield tag="040" ind1=" " ind2=" ">
    <subfield code="b">por</subfield>
  </datafield>
  <datafield tag="041" ind1=" " ind2=" ">
    <subfield code="h">ita</subfield>
    <subfield code="a">por</subfield>
  </datafield>
  <datafield tag="082" ind1=" " ind2=" ">
    <subfield code="a">853</subfield>
    <subfield code="b">M237p</subfield>
  </datafield>
  <datafield tag="100" ind1="1" ind2=" ">
    <subfield code="a">Malaparte, Curzio.</subfield>
    <subfield code="d">1898-1957.</subfield>
    <subfield code="9">687</subfield>
  </datafield>
  <datafield tag="240" ind1=" " ind2=" ">
    <subfield code="a">La Pelle</subfield>
  </datafield>
  <datafield tag="245" ind1=" " ind2=" ">
    <subfield code="a">A pele /</subfield>
    <subfield code="c">Malaparte, Curzio ; Tradu&#xE7;&#xE3;o de Alexandre O'Neill</subfield>
  </datafield>
  <datafield tag="260" ind1=" " ind2=" ">
    <subfield code="a">S&#xE3;o Paulo </subfield>
    <subfield code="b">Abril</subfield>
    <subfield code="c">1972</subfield>
  </datafield>
  <datafield tag="300" ind1=" " ind2=" ">
    <subfield code="a">369 p.</subfield>
  </datafield>
  <datafield tag="490" ind1="1" ind2=" ">
    <subfield code="a">Os Imortais da Literatura Universal</subfield>
  </datafield>
  <datafield tag="520" ind1=" " ind2=" ">
    <subfield code="a">&#x201C;Eram os dias da &#x201C;peste&#x201D; de N&#xE1;poles.&#x201D;

&#x201C;A mis&#xE9;ria dos tempos, a desordem p&#xFA;blica, a grande mortalidade, a avidez dos especuladores, a inc&#xFA;ria das autoridades e a corrup&#xE7;&#xE3;o geral eram tais, que, sepultarem crist&#xE3;mente um morto se tornara coisa praticamente imposs&#xED;vel, s&#xF3; permitida a poucos privilegiados. Levar um morto para Poggioreale, num carro puxado por um burro, custava dez mil, quinze mil liras. E como ainda se estava nos primeiros meses da ocupa&#xE7;&#xE7;&#xE3;o aliada, e o povinho n&#xE3;o tivera ainda tempo de ganhar algum dinheiro com os neg&#xF3;cios il&#xED;citos do mercado negro, a plebe n&#xE3;o podia entregar-se ao luxo de dar aos seus mortos sepultura crist&#xE3;, de que eram dignos, apesar da sua pobreza. Os cad&#xE1;veres ficavam cinco, dez e mesmo quinze dias nas casas, &#xE0; espera do carro do lixo. Decompunham-se lentamente sobre as camas, na quente e fumarenta luz das velas, ouvindo as vozes dos parentes, o ferver da &#xE1;gua na cafeteira e da panela de feij&#xE3;o no fogareiro aceso no meio do quarto, os gritos dos meninos que, todos nus, brincavam no ch&#xE3;o, e o gemido dos velhos sentados nos vasos, no cheiro quente e persistente dos excrementos, semelhante ao que desprendem os mortos j&#xE1; em plena decomposi&#xE7;&#xE3;o.&#x201D;

</subfield>
  </datafield>
  <datafield tag="650" ind1=" " ind2="0">
    <subfield code="a">Literatura italiana</subfield>
    <subfield code="9">164</subfield>
  </datafield>
  <datafield tag="650" ind1=" " ind2="0">
    <subfield code="a">Desigualdade social</subfield>
    <subfield code="9">604</subfield>
  </datafield>
  <datafield tag="650" ind1=" " ind2="0">
    <subfield code="a">Cr&#xED;tica social</subfield>
    <subfield code="9">514</subfield>
  </datafield>
  <datafield tag="650" ind1=" " ind2="0">
    <subfield code="a">Segunda Guerra Mundial,</subfield>
    <subfield code="9">649</subfield>
  </datafield>
  <datafield tag="650" ind1=" " ind2="0">
    <subfield code="a">Cl&#xE1;ssicos</subfield>
    <subfield code="9">77</subfield>
  </datafield>
  <datafield tag="655" ind1=" " ind2="0">
    <subfield code="a">Romance</subfield>
    <subfield code="9">23</subfield>
  </datafield>
  <datafield tag="655" ind1=" " ind2="0">
    <subfield code="a">Fic&#xE7;&#xE3;o </subfield>
    <subfield code="9">22</subfield>
  </datafield>
  <datafield tag="700" ind1=" " ind2=" ">
    <subfield code="a">Alexandre O'Neill</subfield>
    <subfield code="e">TRADUTOR</subfield>
    <subfield code="d">1924- 1986</subfield>
    <subfield code="9">688</subfield>
  </datafield>
  <datafield tag="830" ind1=" " ind2=" ">
    <subfield code="a">Os Imortais da Literatura Universal</subfield>
    <subfield code="9">461</subfield>
    <subfield code="v">vol. 46</subfield>
  </datafield>
  <datafield tag="942" ind1=" " ind2=" ">
    <subfield code="2">ddc</subfield>
    <subfield code="n">0</subfield>
    <subfield code="c">BK</subfield>
  </datafield>
  <datafield tag="952" ind1=" " ind2=" ">
    <subfield code="0">0</subfield>
    <subfield code="1">0</subfield>
    <subfield code="2">ddc</subfield>
    <subfield code="4">0</subfield>
    <subfield code="7">0</subfield>
    <subfield code="8">FIC</subfield>
    <subfield code="a">BIBIB</subfield>
    <subfield code="b">BIBIB</subfield>
    <subfield code="c">LE</subfield>
    <subfield code="d">2025-03-28</subfield>
    <subfield code="e">doa&#xE7;&#xE3;o</subfield>
    <subfield code="l">0</subfield>
    <subfield code="o">853 / M237p</subfield>
    <subfield code="p">2025-17287</subfield>
    <subfield code="r">2025-03-28 08:28:45</subfield>
    <subfield code="w">2025-03-28</subfield>
    <subfield code="y">BK</subfield>
  </datafield>
  <datafield tag="999" ind1=" " ind2=" ">
    <subfield code="c">333</subfield>
    <subfield code="d">333</subfield>
  </datafield>
</record>
